000 00283nam a22001217a 4500
082 _a823
_bHAT/W
100 _aHATELY, DAVID
245 _aWHEN GOD MADE ADAM & EVE
260 _aUNITED KINGDOM
_bLADY BIRD BOOKS
300 _a42
650 _aENGLISH STORY
_zUNITED KINGDOM
942 _cBK
999 _c7507
_d7507